Η Ρεπουμπλικανική Ρώμη
Αποθηκεύτηκε σε:
| Κύριος συγγραφέας: | |
|---|---|
| Άλλοι συγγραφείς: | , |
| Μορφή: | Βιβλίο |
| Γλώσσα: | Greek |
| Δημοσίευση: |
Θεσσαλονίκη :
Βάνιας,
2013.
|
| Θέματα: | |
| Ετικέτες: |
Προσθήκη ετικέτας
Δεν υπάρχουν, Καταχωρήστε ετικέτα πρώτοι!
|
MARC
| LEADER | 00000cam a2200000 a 4500 | ||
|---|---|---|---|
| 001 | 1/123079 | ||
| 008 | 210531s2013####gr ||||||| |||| ||gre|| | ||
| 020 | |a 9789602883143 | ||
| 040 | |a GR-MyUa |b gre |c GR-MyUa |e AACR2 | ||
| 041 | 1 | |a gre | |
| 082 | 7 | |a 937.02 |2 (23) | |
| 100 | 1 | |a Crawford, Michael H. |q (Michael Hewson), |d 1939- | |
| 245 | 1 | 2 | |a Η Ρεπουμπλικανική Ρώμη / |c Michael Crawford ; μετάφραση: Νικόλας Ρουμπέκας - Ολυμπία Παναγιωτίδου. |
| 260 | |a Θεσσαλονίκη : |b Βάνιας, |c 2013. | ||
| 300 | |a 347 σ. ; |c 21 εκ. | ||
| 651 | 0 | |a Rome |x History |y Republic, 510-30 B.C. | |
| 700 | 1 | |a Ρουμπέκας, Νικόλας, |e trl | |
| 700 | 1 | |a Παναγιωτίδου, Ολυμπία, |e trlf | |
| 852 | |a INST |b LESVOS |c EUDOXUS |e 20210531 |h 937.02 CRA |p 005100063281 |q 005100063281 |t EDX |y 0 | ||
| 920 | |a Εύδοξος |b Παραγγελία |y Λέσβος-ΤΚΑΙ |z 2021-05 | ||
| 970 | |a Δημάκη |b Μαρία |z 31-05-2021 | ||